Les gares du RER B dans l'ordre alphabétique - Statistiques

Statistiques générales
  • Ce quiz a été pris 23 fois
  • Le résultat moyen est 20 sur 47
Statistiques - réponses
# Gare Correspondances % Correct
1 Aéroport Charles de Gaulle 1 Ligne VAL
93%
2 Aéroport Charles de Gaulle 2 - TGV Ligne VAL + Grandes lignes
87%
3 Antony Orlyval
87%
5 Aulnay-sous-Bois Transilien K + Tramway T4
87%
4 Arcueil - Cachan
80%
6 Bagneux
80%
7 Bourg-la-Reine
80%
9 Châtelet - Les Halles RER A et D + Métro 1, 4, 7, 11 et 14
67%
11 Courcelle-sur-Yvette
67%
8 Bures-sur-Yvette
60%
10 Cité Universitaire Tramway T3a
60%
12 Denfert Rochereau Métro 4 et 6
60%
13 Drancy
60%
14 Fontaine Michalon
60%
15 Fontenay-aux-Roses
53%
16 Gentilly
40%
17 Gif-sur-Yvette
40%
21 Laplace
40%
24 Le Bourget Tramway T11
40%
25 Le Guichet
40%
28 Luxembourg
40%
19 La Croix de Berny Tramway T10 + Bus TVM
33%
20 La Hacquinière
33%
22 La Plaine - Stade de France
33%
23 Le Blanc Mesnil
33%
29 Massy - Palaiseau RER C + Transilien V + Tramway T12 + Grandes lignes
33%
46 Villeparisis - Mitry-le-Neuf
33%
47 Villepinte
33%
18 La Courneuve - Aubervilliers
27%
26 Les Baconnets
27%
27 Lozère
27%
30 Massy - Verrières RER C
27%
31 Mitry - Claye Transilien K
27%
36 Parc des Expositions
27%
37 Paris - Gare du Nord RER D + Métro 2, 4 et 5 + Transilien H et K
27%
40 Saint-Michel - Notre Dame RER C + Métro 4 et 10
27%
43 Sevran - Beaudottes
27%
44 Sevran - Livry
27%
45 Vert Galant
27%
32 Orsay - Ville
20%
33 Palaiseau
20%
34 Palaiseau - Villebon
20%
35 Parc de Sceaux
20%
38 Port Royal
20%
39 Robinson
20%
41 Saint-Rémy-lès-Chevreuse
20%
42 Sceaux
20%
Aucun quiz correspondant
Distribution des résultats
% des personnes avec chaque résultat
Percentile par nombre de réponses
Votre historique - résultats
Vous n’avez pas pris ce quiz